Responses for Show #3638 - Wednesday, May 31, 2000

Contestants

[<< previous game]

Kate Walton, a stay-at-home mom from Henniker, New Hampshire

Jamie Meyers, a systems administrator from Toledo, Ohio

Joseph Crippen, a Lutheran pastor from Northfield, Minnesota (whose 1-day cash winnings total $19,601)

[next game >>]

Jeopardy! Round responses

PROTOZOA
AKA
(Alex: Also known as.)
FROM PAGE TO SCREEN
FUN WITH ZIP CODES
CALORIE COUNTING
IN OTHER WORDS...
    $100 26
cells

Joseph
    $100 11
Muhammad Ali

Kate
    $100 8
Stuart Little

Joseph
    $100 7
Beverly Hills

Jamie
    $100 3
a potato

Joseph
    $100 1
let the cat out of the bag

Jamie
    $200 27
a whirlpool

Jamie
    $200 12
a quarter

Joseph
    $200 10
A Midsummer Night's Dream

Jamie
    $200 9
Alaska

Kate
    $200 22
chocolate

Jamie
    $200 2
like water off a duck's back

Jamie
    $300 28
an amoeba

Jamie
    $300 13
a kookaburra

Kate
    $300 16
(Jamie: What is Rain Man?)

Forrest Gump

JamieKate
    $300 19
Arlington

Jamie
    $300 23
caviar

Jamie
    $300 4
in for a penny, in for a pound

Joseph
    $400 29
skeletons

Jamie
    $400 14
catnip

Jamie
    $500 17
The Cider House Rules

Kate
    $400 20
Iowa

Jamie
    $400 24
a hard-boiled egg

Kate
    $400 5
loud enough to wake the dead

Jamie
    $500 30
[Alex pretends to be lethargic when Jamie gives his response.]

sleeping sickness

Jamie
    $500 15
James (Butler Hickok)

Triple Stumper
    $500 18
Snow Falling on Cedars

Joseph
    $500 21
Chicago

Joseph
    $500 25
a quarter pounder

Kate
    $500 6
tell tales out of school

Joseph

Scores at the first commercial break (after clue 11):

Joseph Jamie Kate
$1,000 $1,000 $300

Scores at the end of the Jeopardy! Round:

Joseph Jamie Kate
$2,300 $3,700 $2,300

Double Jeopardy! Round responses

20th CENTURY RUSSIA
GETTING JAZZED
THE FRANZ LIST
STATE FACTS
SUPREME COURT JUSTICES
"PHIL" IN THE ____
    $200 6
"Evil Empire"

Jamie
    $200 11
(Joseph: What are CDs?)

LPs

JosephKate
    $200 21
Hill Street Blues

Jamie
    $200 12
a ladybug

Jamie
    $200 27
Ruth Bader Ginsburg

Jamie
    $200 1
[Joseph selected the first clue.]

the Philippines

Joseph
    $400 7
(Joseph: What is Czechoslovakia?)

Hungary

JosephJamie
    $400 17
Dixieland

Kate
    $400 22
"Silent Night"

Kate
    $400 13
the sugar maple

Jamie
    $400 28
Thurgood Marshall

Joseph
    $400 2
[Checking stamps]

philatelist

Jamie
    $600 8
(Jamie: Who is Kasparov?)

Anatoly Karpov

Jamie
Triple Stumper
    $600 18
Duke Ellington

Jamie
    $600 23
Franz Kafka

Jamie
    $600 14
a diamond

Triple Stumper
    $600 26
Felix Frankfurter

Jamie
    $600 3
philosophy

Jamie
    $800 9
(Joseph: What is Stalingrad?)

Petrograd

JosephJamie
    $800 19
Marsalis

Joseph
    $800 24
Margaret Mead

Jamie
    $800 15
(Joseph: What is Vermont?)

New Hampshire

JosephJamie
    $2,500 29
John Jay (the Jay Treaty or the Treaty of London)

Joseph
    $2,500 4
[David and Goliath]

Philistine

Jamie
    $1000 10
Georgia

Jamie
    $1000 20
fusion

Joseph
    $1000 25
Lieder

Joseph
    $1000 16
goldenrod

Triple Stumper
    $1000 30
Salmon P. Chase

Triple Stumper
    $1000 5
Philander

Jamie

Scores at the end of the Double Jeopardy! Round:

Joseph Jamie Kate
$6,000 $14,400 $3,300
(lock game)

[wagering suggestions for these scores]

Final Jeopardy! Round responses

CLOTHING
KateWhat are pantaloons?
$3,000
JosephWhat are bloomers?
$601
JamieWhat is powler?
$1,600
Pantaloons (named for Pantalone)

Final scores:

Joseph Jamie Kate
$5,399 $12,800 $6,300
3rd place: VTech cordless phones New champion: $12,800 2nd place: a trip to Outrigger Hotel, Waikiki Beach, Hawaii

Game dynamics:

Coryat scores:

Joseph Jamie Kate
$4,300 $12,700 $3,200
14 R
(including 1 DD),
4 W
31 R
(including 1 DD),
2 W
10 R
(including 1 DD),
0 W

Combined Coryat: $20,200

[game clues] [game scores] [suggest correction]

Game tape date: 2000-02-28
The J! Archive is created by fans, for fans. Scraping, republication, monetization, and malicious use prohibited; this site may use cookies and collect identifying information. See terms. The Jeopardy! game show and all elements thereof, including but not limited to copyright and trademark thereto, are the property of Jeopardy Productions, Inc. and are protected under law. This website is not affiliated with, sponsored by, or operated by Jeopardy Productions, Inc. Join the discussion at JBoard.tv.